000 00544nam a22002177a 4500
003 UA-OsUOA
001 133642
007 ta
008 20181029b un ||||| |||| 00| 0 ukr d
100 _aМанько М.
090 _a908
_bМ24
942 _cSA
040 _aUA-OsUOA
_bukr
_cUA-OsUOA
_dUA-OsUOA
245 _aПовітряний ас із Острога Болеслав Дробінський
300 _aС.6
955 _a0
041 _aukr
080 _a908
773 0 _w133640
650 7 _a908 Краєзнавство
_2UDC
999 _c422530
_d422530